Bundesliga Champions - Sudden Death - Statistics

General Stats
  • This quiz has been taken 479 times
  • The average score is 11 of 16
Answers on the Grid
Answers color-coded by a green-red scale on the quiz's grid according to % correct below.
1. FC Heidenheim
1. FC Kaiserslautern
1. FC Köln
1. FC Nürnberg
1. FC Union Berlin
1860 Munich
Bayern Munich
Alemannia Aachen
Bayer Leverkusen
Borussia Dortmund
Borussia Mönchengladbach
Darmstadt 98
Eintracht Frankfurt
Energie Cottbus
FC Augsburg
FC St. Pauli
Fortuna Düsseldorf
Hamburger SV
Hannover 96
Hansa Rostock
Hertha BSC
KFC Uerdingen
Mainz 05
MSV Duisburg
RB Leipzig
SC Freiburg
Schalke 04
TSG Hoffenheim
VfB Stuttgart
VfL Bochum
VfL Wolfsburg
Werder Bremen
 
Answer Stats
Answer % Correct
Bayern Munich
95%
Borussia Dortmund
91%
Bayer Leverkusen
88%
Hamburger SV
78%
Borussia Mönchengladbach
77%
VfL Wolfsburg
74%
1. FC Kaiserslautern
73%
1. FC Köln
73%
Werder Bremen
73%
VfB Stuttgart
72%
1. FC Nürnberg
63%
1860 Munich
55%
Eintracht Frankfurt
54%
Schalke 04
45%
Hannover 96
24%
Hertha BSC
24%
No matching quizzes found
Score Distribution
Percent of People with Each Score
Percentile by Number Answered
Your Score History
You have not taken this quiz